ACT Suburbs Quiz - Statistics

General Stats
  • This quiz has been taken 52 times
  • The average score is 61 of 120
Answers on the Map
Answers color-coded by a green-red scale on the quiz's map according to % correct below.
 
Answer Stats
Answer % Correct
Fyshwick
90%
Belconnen
86%
Ainslie
83%
Barton
83%
Braddon
83%
Bruce
79%
Yarralumla
79%
Deakin
76%
Dickson
76%
Gungahlin
76%
Kingston
76%
Acton
72%
Holt
72%
Reid
72%
Weston
72%
Aranda
69%
Campbell
69%
Cook
69%
Curtin
69%
Parkes
69%
Phillip
69%
Turner
69%
City
66%
Forde
66%
Griffith
66%
Kaleen
66%
Lyneham
66%
Mitchell
66%
Narrahbundah
66%
Watson
66%
Denman Prospect
62%
Downer
62%
Hackett
62%
Kambah
62%
Macquarie
62%
Red Hill
62%
Scullin
62%
Banks
59%
Fadden
59%
Florey
59%
Hughes
59%
Whitlam
59%
Chisholm
55%
Crace
55%
Gordon
55%
Greenway
55%
O'Connor
55%
Palmerston
55%
Chifley
52%
Farrer
52%
Forrest
52%
Hall
52%
Harrison
52%
Hume
52%
Lyons
52%
Mawson
52%
Wanniassa
52%
Amaroo
48%
Capital Hill
48%
Charnwood
48%
Franklin
48%
Garren
48%
Giralang
48%
Lawson
48%
Wright
48%
Beard
45%
Coombs
45%
Duffy
45%
Evatt
45%
Fisher
45%
Hawker
45%
Ngunnawal
45%
O'Malley
45%
Russell
45%
Spence
45%
Symonston
45%
Tharwa
45%
Calwell
41%
Canberra Airport
41%
MacGregor
41%
Monash
41%
Nicholls
41%
Page
41%
Taylor
41%
Bonner
38%
Chapman
38%
Conder
38%
Dunlop
38%
Flynn
38%
Fraser
38%
Isaacs
38%
MacArthur
38%
Oaks Estate
38%
Pearce
38%
Theodore
38%
Torrens
38%
Bonython
34%
Casey
34%
Isabella Plains
34%
Jacka
34%
Latham
34%
Melba
34%
Molonglo
34%
Pialligo
34%
Throsby
34%
Weetangera
34%
Gowrie
31%
Higgins
31%
Moncrieff
31%
Oxley
31%
Uriarra Village
31%
Waramanga
31%
Richardson
28%
Gilmore
24%
Holder
24%
MacNamara
24%
Strathnairn
24%
McKeller
21%
Rivett
21%
Stirling
21%
No matching quizzes found
Score Distribution
Percent of People with Each Score
Percentile by Number Answered
Your Score History
You have not taken this quiz